000 01938nam a2200409 c 4500
999 _c51251
_d51251
001 51251
003 ES-MaCES
005 20250528144410.0
008 190527s2018 sp | l o000 ||spa d
017 _aM 3082-2002
_bDL
020 _a9788447609451
024 7 _a169-18-086-2
_2nipo
024 7 _a057-18-076-2
_2nipo
040 _aES-MaCES
_bsp
_cES-MaCES
110 1 _aEspaña
_tLey del impuesto sobre la renta de las personas físicas y de modificación parcial de las Leyes de los impuestos sobre sociedades, sobre la renta de no residentes y sobre el patrimonio
_d2006
_92961
245 1 0 _aImpuesto sobre la renta de las personas físicas
_b: (actualización septiembre 2018)
250 _a10ª ed
260 _a[Madrid]
_bMinisterio de Hacienda
260 _bMinisterio de Economía y Empresa
_c2018
300 _a458 p.
_c17 cm
490 1 _aTextos legales / separata del Boletín Oficial de los Ministerios de Hacienda y de Economía y Empresa
_v7-2018
500 _aAnteriormente v.a.: Ministerio de Hacienda y Administraciones Públicas y Ministerio de Economía y Competitividad
500 _aAnteriormente v.a.: Textos legales / separata del Boletín Oficial de los Ministerios de Hacienda y Administraciones Públicas y de Economía y Competitividad
541 _cGratuito
650 4 _aimpuesto sobre la renta de personas físicas
_928084
650 4 _alegislación económica
_927161
650 4 _areglamento
_927154
650 4 _atexto
_929624
650 4 _aEspaña
_926964
653 1 0 _aLegislación
710 1 _aEspaña
_bMinisterio de Hacienda
_eed.
_93245
710 1 _939396
_aEspaña
_bMinisterio de Economía y Empresa
_eed.
787 0 _tImpuesto sobre la renta de las personas físicas
_w(ES-MaCES)46762
830 0 _aTextos legales / separata del Boletín Oficial de los Ministerios de Hacienda y de Economía y Empresa
_v7-2018
_939395
902 _aLIB Libro
942 _2CES
_cBK
_h6.1.